Normal view
MARC view
- Vijayan, Jaikumar.
Entry Personal Name
001 - CONTROL NUMBER
- control field: 45100
003 - CONTROL NUMBER IDENTIFIER
- control field: OSt
005 - DATE AND TIME OF LATEST TRANSACTION
- control field: 20220420134443.0
008 - FIXED-LENGTH DATA ELEMENTS
- fixed length control field: 220420|| aca||aabn | a|a d
040 ## - CATALOGING SOURCE
- Original cataloging agency: OSt
- Transcribing agency: OSt
100 ## - HEADING--PERSONAL NAME
- Personal name: Vijayan, Jaikumar.
670 ## - SOURCE DATA FOUND
- Source citation: Work cat.: (OSt): Vijayan, Jaikumar., Acquisitions blunting security innovation:, ©2010-2011.
